[Event "FRA-chT U20 0506"]
[Site "France"]
[Date "2005.11.13"]
[Round "2.6"]
[White "Olivennes, Elie"]
[Black "Barbot, Pierre"]
[Result "0-1"]
[WhiteElo "1099"]
[BlackElo "1630"]
[PlyCount "78"]
[EventDate "2005.11.12"]
[EventType "team"]
[EventRounds "3"]
[EventCountry "FRA"]
[SourceTitle "CBM 109 Extra"]
[Source "ChessBase"]
[SourceDate "2006.01.03"]
[SourceVersion "2"]
[SourceVersionDate "2006.01.03"]
[SourceQuality "1"]

1. e4 c5 2. Nc3 Nc6 3. Nf3 d6 4. Bb5 Bd7 5. 0-0 Nf6 6. d4 cxd4 7. Nxd4 e6 8. Nxc6 Bxc6 9. Bxc6+ bxc6 10. Bg5 Be7 11. Bxf6 Bxf6 12. Qe1 0-0 13. Rd1 Qc7 14. b3 d5 15. exd5 cxd5 16. Rd3 Rfc8 17. Nb5 Qxc2 18. Rd2 Qc5 19. a4 a6 20. Qe2 axb5 21. axb5 Rcb8 22. Qe3 Qxe3 23. fxe3 Rxb5 24. Rc1 Rxb3 25. Rdc2 g6 26. g3 Rxe3 27. Kg2 Rd8 28. h4 d4 29. Rf2 Be5 30. Rcf1 Rxg3+ 31. Kh2 Rf3+ 32. Kg2 Rxf2+ 33. Rxf2 d3 34. Rf3 d2 35. Re3 d1Q 36. Rxe5 Qg4+ 37. Kf1 Qf3+ 38. Kg1 Rd1+ 39. Kh2 Rh1# 0-1

[Event "FRA-chT U20 0506"]
[Site "France"]
[Date "2005.11.13"]
[Round "3.6"]
[White "Tihy, Pierre"]
[Black "Olivennes, Elie"]
[Result "1-0"]
[WhiteElo "1320"]
[BlackElo "1099"]
[PlyCount "59"]
[EventDate "2005.11.12"]
[EventType "team"]
[EventRounds "3"]
[EventCountry "FRA"]
[SourceTitle "CBM 109 Extra"]
[Source "ChessBase"]
[SourceDate "2006.01.03"]
[SourceVersion "2"]
[SourceVersionDate "2006.01.03"]
[SourceQuality "1"]

1. e4 e5 2. Nf3 Nc6 3. Nc3 Nf6 4. d4 exd4 5. Nxd4 Nxd4 6. Qxd4 Bd6 7. f4 c5 8. Qe3 Ng4 9. Qe2 Qh4+ 10. g3 Qh5 11. h3 Nf6 12. e5 Qxe2+ 13. Bxe2 Be7 14. exf6 Bxf6 15. Be3 b6 16. 0-0 Bb7 17. Rad1 d5 18. Bb5+ Ke7 19. Bxc5+ Kd8 20. Bb4 d4 21. g4 Kc7 22. Ne2 Rad8 23. g5 Bxg5 24. fxg5 Kb8 25. Rxd4 Rxd4 26. Nxd4 Rd8 27. Nc6+ Bxc6 28. Bxc6 Rd4 29. Bc3 Rc4 30. Be8 1-0